Link to link (Record no. 115724)

MARC details
000 -LEADER
fixed length control field 01672cad a22002895a 4500
001 - CONTROL NUMBER
control field L159182
008 - FIXED-LENGTH DATA ELEMENTS--GENERAL INFORMATION
fixed length control field 090706s2016 xxkado f s 000 0 eng d
035 ## - SYSTEM CONTROL NUMBER
System control number (Sirsi) u159182
041 0# - LANGUAGE CODE
Language code of text/sound track or separate title eng
050 04 - LIBRARY OF CONGRESS CALL NUMBER
Classification number 307.34160942 $2 22
110 2# - MAIN ENTRY--CORPORATE NAME
Corporate name or jurisdiction name as entry element All Party Parliamentary Sustainable Resource Group
9 (RLIN) 6178
245 00 - TITLE STATEMENT
Title Link to link
Remainder of title driving resource efficiency across supply chains
Medium [electronic resource]
260 ## - PUBLICATION, DISTRIBUTION, ETC.
Place of publication, distribution, etc. [London]
Name of publisher, distributor, etc. APSRG
Date of publication, distribution, etc. 2016
505 2# - FORMATTED CONTENTS NOTE
Formatted contents note Foreword -- Introduction -- Overview -- Procurement -- Design and manufacture -- Logistics -- Consumers and behaviour -- Business models and EPR -- Management of discards -- Metrics and accounting -- Conclusion and overview
520 ## - SUMMARY, ETC.
Summary, etc. A collection of ten case studies and expert essays that cover each stage of the supply chain. It explores how resources can be better used to make supply chains more efficient and how waste can be cut along the supply chain. It makes 12 recommendations, most notably calling for the government to conduct a call for evidence on the state of play of resource efficiency in UK companies to determine barrier preventing them from being resource efficient.
521 ## - TARGET AUDIENCE NOTE
Target audience note Advanced
590 ## - LOCAL NOTE (RLIN)
Local note KA NTK
650 24 - SUBJECT ADDED ENTRY--TOPICAL TERM
Topical term or geographic name entry element SUPPLY CHAIN
650 24 - SUBJECT ADDED ENTRY--TOPICAL TERM
Topical term or geographic name entry element ENVIRONMENTAL AND LAND CONSULTANCY-WASTE MANAGEMENT
650 24 - SUBJECT ADDED ENTRY--TOPICAL TERM
Topical term or geographic name entry element RESOURCES
650 24 - SUBJECT ADDED ENTRY--TOPICAL TERM
Topical term or geographic name entry element EFFICIENCY
651 #4 - SUBJECT ADDED ENTRY--GEOGRAPHIC NAME
Geographic name United Kingdom
Chronological subdivision
690 ## - LOCAL SUBJECT ADDED ENTRY--TOPICAL TERM (OCLC, RLIN)
Topical term or geographic name as entry element Procurement
9 (RLIN) 6260
690 ## - LOCAL SUBJECT ADDED ENTRY--TOPICAL TERM (OCLC, RLIN)
Topical term or geographic name as entry element Project management
9 (RLIN) 6261
856 40 - ELECTRONIC LOCATION AND ACCESS
Uniform Resource Identifier <a href="https://www.policyconnect.org.uk/apsrg/sites/site_apsrg/files/report/633/fieldreportdownload/apsrglinktolinkwebrgbsinglepaged.pdf">https://www.policyconnect.org.uk/apsrg/sites/site_apsrg/files/report/633/fieldreportdownload/apsrglinktolinkwebrgbsinglepaged.pdf</a>
Public note View the report free of charge at www.policyconnect.org.uk...
942 ## - ADDED ENTRY ELEMENTS (KOHA)
Suppress in OPAC 0
Holdings
Withdrawn status Lost status Source of classification or shelving scheme Damaged status Not for loan Home library Current library Shelving location Date acquired Total Checkouts Full call number Barcode Date last seen Copy number Price effective from Koha item type
    Dewey Decimal Classification     Virtual Virtual Online 10/03/2016   ONLINE PUBLICATION 159182-2001 06/08/2019 1 06/08/2019 Book